Tietz Textbook of Clinical Chemistry and Molecular Diagnostics (Record no. 868)

MARC details
000 -LEADER
fixed length control field 00714nam a22002297a 4500
003 - CONTROL NUMBER IDENTIFIER
control field OSt
005 - DATE AND TIME OF LATEST TRANSACTION
control field 20191125123110.0
008 - FIXED-LENGTH DATA ELEMENTS--GENERAL INFORMATION
fixed length control field 150112b xxu||||| |||| 00| 0 eng d
020 ## - INTERNATIONAL STANDARD BOOK NUMBER
International Standard Book Number 9780721601892
020 ## - INTERNATIONAL STANDARD BOOK NUMBER
International Standard Book Number 100721601898
040 ## - CATALOGING SOURCE
Transcribing agency DNLM
082 ## - DEWEY DECIMAL CLASSIFICATION NUMBER
Classification number QY 4 B95t 2006
100 ## - MAIN ENTRY--PERSONAL NAME
Personal name Edited by Carl, A.Burtis; Edward, R. Ashwood; David, E. Bruns.
9 (RLIN) 13069
245 ## - TITLE STATEMENT
Title Tietz Textbook of Clinical Chemistry and Molecular Diagnostics
250 ## - EDITION STATEMENT
Edition statement 4th ed.
260 ## - PUBLICATION, DISTRIBUTION, ETC. (IMPRINT)
Place of publication, distribution, etc. U S A:
Name of publisher, distributor, etc. Elsevier Saunders;
Date of publication, distribution, etc. 2006.
300 ## - PHYSICAL DESCRIPTION
Extent xxxvi, 2412 p.:
Other physical details col.ill;
Dimensions 29 cm
504 ## - BIBLIOGRAPHY, ETC. NOTE
Bibliography, etc Includes bibliographical references and index.
650 ## - SUBJECT ADDED ENTRY--TOPICAL TERM
Topical term or geographic name as entry element Clinical chemistry
9 (RLIN) 797
650 ## - SUBJECT ADDED ENTRY--TOPICAL TERM
Topical term or geographic name as entry element Lab. diagnosis
9 (RLIN) 13070
942 ## - ADDED ENTRY ELEMENTS (KOHA)
Source of classification or shelving scheme Other/Generic Classification Scheme
Koha item type Short Loan
Holdings
Withdrawn status Lost status Source of classification or shelving scheme Damaged status Not for loan Home library Current library Date acquired Source of acquisition Inventory number Total Checkouts Full call number Barcode Date last seen Koha item type
    Other/Generic Classification Scheme     MUST Main Library MUST Main Library 12/01/2015 Purchase 11/33629   QY 4 B95t 2006 2015-0050 12/01/2015 Short Loan